000 00616nam a2200205Ii 4500
003 JO-AjNU
008 230605s9999||||xx |||||||||||||| ||und||
017 _a2003/11/2408
040 _aJO-AjNU
_bara
_erda
_cJO-AjNU
041 _aara
050 1 4 _aPJ7814 2003
100 3 _aتأليف جيبات،صالح,
_eauthor
_917930
245 0 0 _aأعطني مهري حجر
264 3 1 _aعمان:المؤلف،2003
300 _a191ص
336 _atext
_btxt
_2rdacontent
337 _aunmediated
_bn
_2rdamedia
338 _avolume
_bnc
_2rdacarrier
650 4 _aالشعر العربي - الشعر الحديث
_917931
999 _aA5640
_c9208
_d9208